Relativity Quantum Mechanics and Spectroscopy (Record no. 178700)

MARC details
000 -LEADER
fixed length control field 00471nam a2200193Ia 4500
008 - FIXED-LENGTH DATA ELEMENTS--GENERAL INFORMATION
fixed length control field 240823s9999||||xx |||||||||||||| ||und||
082 ## - DEWEY DECIMAL CLASSIFICATION NUMBER
-- 530.11 P5
100 ## - MAIN ENTRY--PERSONAL NAME
Personal name Ubald Raj
245 #0 - TITLE STATEMENT
Title Relativity Quantum Mechanics and Spectroscopy
250 ## - EDITION STATEMENT
Edition statement 1st
260 ## - PUBLICATION, DISTRIBUTION, ETC. (IMPRINT)
Date of publication, distribution, etc 2005
Name of publisher, distributor, etc "Indira,Marth"
Place of publication, distribution, etc Marthandam
500 ## - GENERAL NOTE
General note YES
650 ## - SUBJECT ADDED ENTRY--TOPICAL TERM
Topical term or geographic name as entry element Relativity
700 ## - ADDED ENTRY--PERSONAL NAME
Personal name Jose Robin G
942 ## - ADDED ENTRY ELEMENTS (KOHA)
Item type Books
Holdings
Withdrawn status Lost status Damaged status Permanent location Current location Date acquired Source of acquisition Cost, normal purchase price Full call number Barcode Date last seen Koha item type
      CENTRAL LIBRARY, NOORUL ISLAM CENTRE FOR HIGHER EDUCATION CENTRAL LIBRARY, NOORUL ISLAM CENTRE FOR HIGHER EDUCATION 10/22/2007 J R Book Agencies 80.00 530.11 P5 32096 08/23/2024 Books
Visitors:
Copyright © 2024 Central Library NICHE.  All rights reserved.